| 000 | 00775nam a2200289Ia 4500 | ||
|---|---|---|---|
| 001 | 21970 | ||
| 003 | IT-RoPAU | ||
| 008 | 130308s9999 xx 000 0 und d | ||
| 040 | _aIT-RoPAU | ||
| 040 | _cIT-RoPAU | ||
| 041 | _aITALIANO | ||
| 100 | _aAlinovi Francesca | ||
| 100 | _gCodice Aut. SPICS: 4592 | ||
| 245 | _aFotografia in Italia negli anni trenta (La) | ||
| 245 | _bAnnitrenta (Gli)-Arte e Cultura in Italia | ||
| 250 | _a1a ed. | ||
| 260 | _aMILANO | ||
| 260 | _bMazzotta | ||
| 260 | _c1982 [1° Ed.:1982 - Ed.Ling.Originale:1982] | ||
| 300 | _a"8 p. (prefazione: no ; testo: 8 [pagine: 409-416])" | ||
| 650 | _aSTORIA DELLE ARTI VISIVE | ||
| 650 | _eCodice materia Spics: 5008 | ||
| 942 | _cBK | ||
| 957 | _71 | ||
| 999 |
_c47148 _d47148 |
||
| 999 | _bSI | ||
| 999 | _g1 | ||